000 00332nam a2200133Ia 4500
008 240624s9999 xx 000 0 und d
041 _aeng
082 _a300.72 BER
100 _aDEN BERG S VAN
245 _aDATA COLLECTION AND SCALE DEVELOPMENT
260 _c2014
_aLondon
_bSage
300 _avi, 407 p,: 23 cm.
365 _c
_b38
999 _c31085
_d31085